| 000 | 01183nac a22003257a 4500 | ||
|---|---|---|---|
| 001 | BR8302947 | ||
| 003 | BR-BrBNA | ||
| 005 | 20240105115740.0 | ||
| 008 | 230509b bl.|||m| |||| 00| 0 por d | ||
| 040 |
_aBR-BrBNA _bpor _cBiblioteca Nacional de Agricultura |
||
| 072 | _aE10; E50 | ||
| 090 | _aE10 BR8302947 | ||
| 110 | 1 |
_aInstituto Nacional de Colonizacao e Reforma Agraria, Belo Horizonte, MG (Brasil). Coordenadoria Regional de Minas Gerais _96406 |
|
| 245 | 1 | _aRelatorio de atividades ano 1982/83 [Instituto Nacional de Colonizacao e Reforma Agraria. Coordenadoria Regional de Minas Gerais, Brasil] | |
| 260 | 3 |
_aBelo Horizonte, MG (Brasil): _c1983. |
|
| 300 | _a103 p. | ||
| 490 |
_aRelatorio - Instituto Nacional de Colonizacao e Reforma Agraria. Coordenadoria Regional de Minas Gerais (Brazil) _v _x |
||
| 500 | _a30 tables; 13 graphs | ||
| 650 | _aDESENVOLVIMENTO AGRICOLA | ||
| 650 | _aCOOPERATIVA | ||
| 650 | _aSINDICATO | ||
| 650 | _aMAO-DE-OBRA | ||
| 650 | _aCOLONIZACAO | ||
| 650 | _aRECEITA | ||
| 650 | _aDESPESA | ||
| 650 | _aINVESTIMENTO | ||
| 650 | _aMINAS GERAIS | ||
| 909 |
_a202312 _bLúcia Elande _c55 _dLúcia Elande |
||
| 942 |
_2AGRIS _n0 _cMS |
||
| 999 |
_c276218 _d276218 |
||